|
|
|
|
| LEADER |
00000nab a2200000 a 4500 |
| 001 |
vtls009187537 |
| 003 |
SK-MaSNL |
| 005 |
20260304154346.0 |
| 008 |
250507c2007 xo mr|p|||||||000 b|slo |
| 015 |
|
|
|a SNBRB2008/02
|2 snkbucl
|
| 035 |
|
|
|a (uuid)6aeff5c9-5e48-465c-9825-9ccd521aecae
|
| 035 |
|
|
|a urn:nbn:sk:snk-ab2x6a
|
| 035 |
|
|
|a (urnnbn)urn:nbn:sk:snk:ar-a0324v
|
| 038 |
|
|
|a SNKBUCL
|
| 040 |
|
|
|a SNKBUCL
|b slo
|c SNKBUCL
|e AACR2
|
| 041 |
0 |
|
|a slo
|
| 044 |
|
|
|a xo
|c SK
|
| 080 |
|
|
|a 159.947.5
|2 2001
|
| 080 |
|
|
|a 373.3.011.3-053
|2 2001
|
| 080 |
|
|
|a 37.0
|2 2001
|
| 100 |
1 |
|
|a Šimečková, Darina
|4 aut
|9 278124
|
| 245 |
1 |
0 |
|a Ľuboslava Sejčová: Motivácia žiakov na výkony
|c Darina Šimečková
|
| 650 |
0 |
7 |
|a žiacka výkonnosť
|2 snkbucl
|9 1478953
|
| 650 |
0 |
7 |
|a motivácia
|2 snkbucl
|9 1779
|
| 650 |
0 |
7 |
|a žiaci
|2 snkbucl
|9 16621
|
| 650 |
0 |
7 |
|a výkonnosť
|2 snkbucl
|9 317137
|
| 650 |
0 |
7 |
|a výchova a vzdelávanie
|2 snkbucl
|9 1684
|
| 655 |
|
7 |
|a recenzie
|2 snkbucl
|9 21907
|
| 773 |
0 |
|
|t Mládež a spoločnosť
|g Roč. XIII, č. 4 (2007), s. 83-86
|x 1335-1109
|
| 787 |
0 |
8 |
|i Rec.:
|a Sejčová, Ľuboslava
|t Motivácia žiakov na výkony
|d Bratislava : Album, 2007
|z 9788096866762
|
| 850 |
|
|
|a Slovenská národná knižnica
|
| 852 |
|
|
|a Slovenská národná knižnica
|
| 954 |
|
|
|a odborná, vedecká literatúra pôvodná (slovenská)
|2 lita
|
| 958 |
|
|
|a article27
|
| 958 |
|
|
|a SK
|
| 958 |
|
|
|a OND
|
| 958 |
|
|
|a EUIPO
|
| 999 |
|
|
|c 2957276
|d 2959206
|